000 01323nam2a22002651 4500
001 rc\3171268
005 20250530090322.0
021 _aRU
_b[76-30956]
035 _a(NLR Aleph) 007328922
090 _a5988752
_c5988752
100 _a20120615d1976 |||y0rusy50 ca
101 0 _arus
102 _aRU
105 _ay z |||||
200 1 _aТоннели
_eУтв. Гос. ком. Совета Министров СССР по делам стр-ва для применения с 01.01.69
205 _aСтер. изд.
210 _d1976
_aБ. м.
215 _a312 с.
_d26
225 1 _aСтроителю БАМ
461 0 _1001rc\3171244
_12001#$aСборник... единых районных единичных расценок на строительные работы$eИзд. офиц.$fГос. ком. Совета Министров СССР по делам стр-ва$v... № 39
_95988517
_cМосква
_d1968-
_fГос. ком. Совета Министров СССР по делам стр-ва
_nСтройиздат
_oИзд. офиц.
_tСборник... единых районных единичных расценок на строительные работы
_v... № 39
801 0 _aRU
_bNLR
_gpsbo
801 1 _aRU
_bELAR
_2rusmarc
852 _aNLR
_jПт 80.1/1228
942 _cBOOK
980 _aNB